000 00735nam a2200241 a 4500
999 _c4635
_d4635
001 4635
003 BD-JhCC
005 20171129194226.0
008 171129s19651969bg |||| ||a| 000 0 eng d
035 _a(BD-JhCC)4635
040 _aBD-JhCC
_dBD-JhCC
041 _aeng
082 _a425
_bHUS 1965
100 _aHusain, Syed Sajjad
245 _aEnglish Prose for The Young (For Classes XI-XII) /
_cSyed Sajjad Husain; Jalaluddin Ahmed; Syed Rafiquddin Ahmed
260 _aEast Pakistan :
_bBoards of Intermediate and Secondary Education,
_c1965.
300 _a228 p. :
_c21 cm.
650 _aEnglish Languages
_xGrammar
700 _aAhmed, Jalaluddin
700 _aAhmed, Syed Rafiquddin
942 _2ddc
_cBK